| 000 | 00346nam a2200133Ia 4500 | ||
|---|---|---|---|
| 008 | 240624s9999 xx 000 0 und d | ||
| 041 | _aeng | ||
| 082 | _a658.8 RYA | ||
| 100 | _aRYAN DAMIAN | ||
| 245 | _aBEST DIGITAL MARKETING CAMPAIGNS IN THE | ||
| 260 |
_c2014 _aLondon _bKogan Page |
||
| 300 | _axii, : 253 : p. : cm. ; 23 | ||
| 365 |
_cGBP _b30 |
||
| 999 |
_c27626 _d27626 |
||